000 01003nam0a22002771 4500
001 rc\432364
005 20250621083227.0
010 _a5-247-00073-0
_92370
035 _a(NLR Aleph) 005678994
090 _a7054533
_c7054533
100 _a20030616d1988 |||y0rusy50 ca
101 0 _arus
102 _aRU
105 _aa |||||||||
200 1 _aОсновы проектирования разработки россыпных месторождений
_e[Учеб. пособие по спец. "Открытые горн. работы"]
210 _aМ.
_cНедра
_d1988
215 _a198, [1] с.
_cил.
_d22
225 1 _aВысшее образование
320 _aБиблиогр.: с. 195-196 (41 назв.)
700 1 _aКудряшев
_bВ.А.
_f1915-
_gВиктор Андреевич
701 1 _aПотемкин
_bС.В.
_gСергей Валериевич
801 0 _aRU
_bNLR
_gpsbo
801 1 _aRU
_bELAR
_2rusmarc
852 _aNLR
_j88-5/6122
942 _cBOOK
980 _aNB